Aldino /

সংরক্ষণ করুন:
গ্রন্থ-পঞ্জীর বিবরন
প্রধান লেখক: Ansaldo, Giorgio (লেখক)
বিন্যাস: গ্রন্থ
ভাষা:ইতালিয়
প্রকাশিত: Torino : Robin, stampa 2018
মালা:Libera Mente
ট্যাগগুলো: ট্যাগ যুক্ত করুন
কোনো ট্যাগ নেই, প্রথমজন হিসাবে ট্যাগ করুন!

MARC

LEADER 00000nam a22000007i 4500
001 IT\ICCU\BMT\0015735
003 ItRI
005 20240118201249.0
008 190104s2018 it |||||| ||||| |||||c
020 |a 9788872743409 
040 |b ita  |c C 
041 7 |a ita  |2 ISO-639-2 
100 1 |a Ansaldo, Giorgio  |0 IT\ICCU\LIGV\015062  |4 aut 
245 1 0 |a Aldino /  |c Giorgio Ansaldo. 
260 |a Torino :  |b Robin,  |c stampa 2018 
300 |a 582 p. ;  |c 20 cm  
830 0 |a Libera Mente  |0 IT\ICCU\PCM\0003206 
942 |2 ddc  |c BK 
952 |0 0  |1 0  |2 ddc  |4 0  |6 853_910000000000000_ANS_ALD  |7 0  |9 190  |a GE  |b GE  |d 2023-11-13  |l 0  |o 853.91 ANS ALD  |p 3981  |r 2023-11-13 10:33:00  |w 2023-11-13  |y BK 
981 1 |6 z01  |a i   |b xxxe  
982 1 |6 z01  |a n 
999 |c 44  |d 44